| 000 | 00577nam a22002057a 4500 | ||
|---|---|---|---|
| 003 | OSt | ||
| 005 | 20240523105139.0 | ||
| 008 | 170301b xxu||||| |||| 00| 0 eng d | ||
| 020 | _a052152735x | ||
| 040 | _cDDC. | ||
| 082 | _a535.15 GER 2005. | ||
| 100 |
_aGerry, C. Christopher; Knight, L. Peter; _911718 |
||
| 245 | _aIntroductory Quantum Optics. | ||
| 260 |
_aCambridge; _bCambridge University Press. _c2005. |
||
| 300 |
_axiii,317; _bill: _c26cm. |
||
| 504 | _aReferences and index. | ||
| 650 |
_aQuantum Optics _916991 |
||
| 650 |
_aPhysics _9809 |
||
| 942 |
_2ddc _cO_SHELF |
||
| 999 |
_c5607 _d5607 |
||